000
00321nam a22001337a 4500
008
170602b xxu||||| |||| 00| 0 eng d
020
_a
9780874369441
041
_a
eng
080
_a
94(100)
100
_a
18
101
_a
SHH
245
_a
THE ABC-CLIO WORLD HISTORY COMPANION TO CAPITALISM
_c
ALLEN,L
942
_2
udc
_c
BK
999
_c
15819
_d
15819